Business ethics (Record no. 6981)

000 -LEADER
fixed length control field 00454 a2200169 4500
020 ## - INTERNATIONAL STANDARD BOOK NUMBER
International Standard Book Number 0072838477
040 ## - CATALOGING SOURCE
Original cataloging agency DLC
Language of cataloging DLC
082 ## - DEWEY DECIMAL CLASSIFICATION NUMBER
Classification number 174.4
100 ## - MAIN ENTRY--PERSONAL NAME
Personal name Richardson, John E.
245 ## - TITLE STATEMENT
Title Business ethics
Statement of responsibility, etc. John E.Richardson
250 ## - EDITION STATEMENT
Edition statement 15th ed
260 ## - PUBLICATION, DISTRIBUTION, ETC.
Place of publication, distribution, etc. USA: ,
Name of publisher, distributor, etc. McGraw-Hill/Dushkin
Date of publication, distribution, etc. 2003.
300 ## - PHYSICAL DESCRIPTION
Extent xviii, 221 p ;
Other physical details . : ill.
Dimensions 27 cm.
500 ## - GENERAL NOTE
General note Includes Index
650 ## - SUBJECT ADDED ENTRY--TOPICAL TERM
Topical term or geographic name entry element Business ethics-periodicals
942 ## - ADDED ENTRY ELEMENTS (KOHA)
Koha item type Book
Call number prefix 174.4 RIC
Source of classification or shelving scheme
Holdings
Withdrawn status Lost status Damaged status Not for loan Collection code Permanent Location Current Location Shelving location Date acquired Source of acquisition Cost, normal purchase price Total Checkouts Full call number Barcode Date last seen Date last checked out Price effective from Koha item type
          Central Library (CL) Central Library (CL) General Stacks 03/18/2006 Donation 0.00 3 174.4 RIC SEECS007121 03/03/2021 12/31/2019 01/05/2017 Book
          Central Library (CL) Central Library (CL) General Stacks 03/18/2006 Donation 0.00   174.4 RIC SEECS007120 11/14/2012   01/05/2017 Book
© 2023 Central Library, National University of Sciences and Technology. All Rights Reserved.